000 00722nam a2200253Ia 4500
003 OSt
005 20220918230540.0
006 a|||||r|||| 00| 0
007 ta
008 220917b |||||||| |||| 00| 0 eng d
024 _a255,055
037 _cTextual
040 _aARTS
_cARTS
_beng
041 _2eng
_aeng
082 _aV2:8m2:N19, F1
110 _aThird meeting held at bombay January 1921
_9152787
245 0 _aProceeding of meetings
260 _aCalcutta
_bSuperitendent Government Printing India
_c1921
300 _a64p.
_ccm.
650 _aHISTORY
700 _aThird meeting held at bombay January 1921
_9152788
942 _hV2:8m2:N19, F1
_cTEXL
_2CC
999 _c288292
_d288292